000 00509cam a22002171 4500
001 sa 64006217
003 DLC
005 20260227112038.0
008 881102s1963 xx 000 0 gujo
010 _asa 64006217
035 _a(OCoLC)23538112
040 _aDLC
_cMiU
_dDLC
042 _apremarc
050 0 0 _aPK1850
_b.T5
100 1 _aThakar, Dhirubhai P.
245 1 0 _aRasa ane ruci.
260 _c[1963]
300 _a8, 301 p.
_c19 cm.
500 _aRomanized.
650 0 _aGujarati literature
999 _c59581
_d59581